000 00560nam a2200181 a 4500
001 000014062
005 20200929163446.0
008 091203s2004 dr a 000 0 spa d
020 _z9993432014
040 _aDO-SdBNP
_bspa
_cBNPHU
082 _axxxx
_bN936r
100 1 _aNovas, José C.
_931859
245 1 3 _aLa reelección juega béisbol :
_bbéisbol, racismo y campaña en 1937 /
_cJosé C. Novas.
260 _aSanto Domingo :
_bLetra gráfica,
_c2004.
300 _a58 p. :
_bil. ;
_c22 cm.
504 _aIncluye bibliográfias (p.54-58)
049 _aBNPD
999 _c13664
_d13664